Autour des petits meurtres d'Agatha Christie - Statistiques

Statistiques générales
  • Ce quiz a été pris 19 fois
  • Le résultat moyen est 37 sur 106
Statistiques - réponses
Hint Réponse % Correct
Qui joue le rôle du commissaire ? 2e saison Samuel Labarthe
86%
Quel nom porte le commissaire ? 2e saison Swan Laurence
86%
Quelles femmes sont de l'entourage proche du commissaire ? (citez un nom par saison) 2e saison Alice Avril | Marlène Leroy
79%
Les oeuvres adaptées pendant la 1ère saison 1 A.B.C. contre {Poirot}
71%
Les oeuvres adaptées pendant la 1ère saison 7 {Cinq} petits cochons
71%
Les oeuvres adaptées pendant la 2e saison 15 La {mystérieuse} affaire de Styles
71%
Les oeuvres adaptées pendant la 2e saison 18 Le miroir se {brisa}
71%
Les oeuvres adaptées pendant la 2e saison 17 L'homme au {complet} marron
71%
Les oeuvres adaptées pendant la 2e saison 4 Pourquoi pas {Evans} ?
71%
Les oeuvres adaptées pendant la 2e saison 25 Rendez-vous avec la {mort}
71%
Les oeuvres adaptées pendant la 1ère saison 9 Un {cadavre} dans la bibliothèque
71%
Les oeuvres adaptées pendant la 2e saison 11 Un meutre sera {commis} le...
71%
Qui joue le rôle du commissaire ? 1ère saison Antoine Duléry
64%
Les oeuvres adaptées pendant la 2e saison 6 Cartes sur {table}
64%
Les oeuvres adaptées pendant la 2e saison 20 {Drame} en trois actes
64%
Les pays de diffusion de la série F France
64%
Les oeuvres adaptées pendant la 2e saison 13 Le {cheval} pâle
64%
Les oeuvres adaptées pendant la 1ère saison 11 Le couteau sur la {nuque}
64%
Les oeuvres adaptées pendant la 1ère saison 8 Le {flux} et le reflux
64%
Qui joue le rôle du second du commissaire ? 1ère saison Marius Colucci
64%
Les oeuvres adaptées pendant la 2e saison 3 Témoin {muet}
64%
Les pays de diffusion de la série A Allemagne
57%
Les pays de diffusion de la série B Belgique
57%
Les pays de diffusion de la série EU Etats-Unis
57%
Les oeuvres adaptées pendant la 1ère saison 6 Je ne suis pas {coupable}
57%
Les oeuvres adaptées pendant la 1ère saison 4 La maison du {péril}
57%
Les meilleures audiences de chaque saison Saison 3 La nuit qui ne {finit} pas
57%
Les lieux de tournage français connus dans les 3 saisons 59 - L Lille
57%
Les oeuvres adaptées pendant la 2e saison 10 Mrs McGinty est {morte}
57%
Les oeuvres adaptées pendant la 2e saison 8 Pension {Vanilos}
57%
Les oeuvres adaptées pendant la 2e saison 9 Un meurtre est-il {facile} ?
57%
Citez un des policiers de l'entourage du commissaire 2e saison Ernest Tricard | Arlette Carmouille | Martin
50%
Les pays de diffusion de la série E Espagne
50%
Les pays de diffusion de la série I Italie
50%
Quel nom porte le commissaire ? 1ère saison Jean Larosière
50%
Quelles femmes sont de l'entourage proche du commissaire ? (citez un nom par saison) 1ère saison Juliette Larosière
50%
Les oeuvres adaptées pendant la 1ère saison 10 La {dernière} énigme
50%
Les oeuvres adaptées pendant la 3e saison 1 La {nuit} qui ne finit pas
50%
Les oeuvres adaptées pendant la 1ère saison 5 Le chat et les {pigeons}
50%
Les oeuvres adaptées pendant la 2e saison 16 Le {major} parlait trop
50%
Les oeuvres adaptées pendant la 2e saison 21 Le {Noël} d'Hercule Poirot
50%
Quel nom porte le commissaire ? 3e saison Annie Gréco
43%
Les oeuvres adaptées pendant la 2e saison 22 Cinq heures {vingt-cinq}
43%
Quel nom porte le second du commissaire ? 1ère saison Emile Lampion
43%
Les pays de diffusion de la série F Finlande
43%
Les oeuvres adaptées pendant la 2e saison 1 Jeux de {glaces}
43%
Les oeuvres adaptées pendant la 1ère saison 3 La {plume} empoisonnée
43%
Les oeuvres adaptées pendant la 2e saison 19 La {troisième} fille
43%
Les meilleures audiences de chaque saison Saison 2 Le {crime} de Noël
43%
Les oeuvres adaptées pendant la 2e saison 7 Le crime du {golf}
43%
Les oeuvres adaptées pendant la 2e saison 23 Les {vacances} d'Hercule Poirot
43%
Les oeuvres adaptées pendant la 2e saison 24 L'heure {zéro}
43%
Les oeuvres adaptées pendant la 2e saison 2 Meurtre au {champagne}
43%
Les pays de diffusion de la série S Suisse
43%
Les oeuvres adaptées pendant la 1ère saison 2 Témoin {indésirable}
43%
Les pays de diffusion de la série C Canada
36%
Les oeuvres adaptées pendant la 2e saison 5 La fête du {potiron}
36%
Les oeuvres adaptées pendant la 2e saison 14 L'affaire {Protheroe}
36%
Les oeuvres adaptées pendant la 2e saison 12 L'enlèvement de Johnnie {Waverly}
36%
Les oeuvres adaptées pendant la 2e saison 26 Un cadavre au {petit-déjeuner}
36%
Qui joue le rôle du second du commissaire ? 3e saison Arthur Dupont
29%
Quelles femmes sont de l'entourage proche du commissaire ? (citez un nom par saison) 3e saison Rose Bellecour
29%
Qui joue le rôle du commissaire ? 3e saison Emilie Gavois-Kahn
29%
Comment se nomme le médecin légiste ? 2e saison Euphrasie Maillol | Timothée Glissant
29%
Comment se nomme le médecin légiste ? 3e saison Jacques Blum
29%
Quel nom porte le second du commissaire ? 3e saison Max Beretta
29%
Les lieux de tournage français connus dans les 3 saisons 62 - L Lens
21%
Les oeuvres adaptées pendant la 3e saison 2 Le Vallon
21%
Les lieux de tournage français connus dans les 3 saisons 59 - R Roubaix
21%
Citez un des policiers de l'entourage du commissaire 3e saison Servan Legoff | Cassard | Râteau
21%
Les lieux de tournage français connus dans les 3 saisons 59 - T Tourcoing
21%
Les meilleures audiences de chaque saison Saison 1 Un meurtre en {sommeil}
21%
Comment se nomme le médecin légiste ? 1ère saison Verdure
21%
Les lieux de tournage français connus dans les 3 saisons 59 - A Armentières
14%
Les lieux de tournage français connus dans les 3 saisons 59 - D Douai
14%
Les lieux de tournage français connus dans les 3 saisons 59 - VDA Villeneuve-d'Ascq
14%
Les lieux de tournage français connus dans les 3 saisons 59 - CSLE Condé-sur-l'Escaut
7%
Les lieux de tournage français connus dans les 3 saisons 59 - C Croix
7%
Citez un des policiers de l'entourage du commissaire 1ère saison Ménard
7%
Les lieux de tournage français connus dans les 3 saisons 59 - M Merville
7%
Les lieux de tournage français connus dans les 3 saisons 59 - W Wattrelos
7%
Les lieux de tournage français connus dans les 3 saisons 62 - A Ambleteuse
0%
Les lieux de tournage français connus dans les 3 saisons 59 - A Anzin
0%
Les pays de diffusion de la série A Australie
0%
Les lieux de tournage français connus dans les 3 saisons 62 - B Béthune
0%
Les lieux de tournage français connus dans les 3 saisons 62 - B Blingel
0%
Les lieux de tournage français connus dans les 3 saisons 59 - B Bondues
0%
Les pays de diffusion de la série B Brésil
0%
Les lieux de tournage français connus dans les 3 saisons 59 - C Cassel
0%
Les lieux de tournage français connus dans les 3 saisons 62 - D Douvrin
0%
Les lieux de tournage français connus dans les 3 saisons 62 - F Fruges
0%
Les lieux de tournage français connus dans les 3 saisons 59 - L Lambersart
0%
Les lieux de tournage français connus dans les 3 saisons 80 - LC Le Crotoy
0%
Les lieux de tournage français connus dans les 3 saisons 59 - M Méteren
0%
Les lieux de tournage français connus dans les 3 saisons 59 - MEO Montigny-en-Ostrevent
0%
Les lieux de tournage français connus dans les 3 saisons 62 - NSM Neuville-sous-Montreuil
0%
Les lieux de tournage français connus dans les 3 saisons 59 - O Oxelaëre
0%
Les lieux de tournage français connus dans les 3 saisons 62 - PAV Pont-à-Vendin
0%
Les lieux de tournage français connus dans les 3 saisons 59 - SALL Saint-André-lez-Lille
0%
Les lieux de tournage français connus dans les 3 saisons 62 - S Sangatte
0%
Les lieux de tournage français connus dans les 3 saisons 59 - S Steene
0%
Les lieux de tournage français connus dans les 3 saisons 59 - T Thumeries
0%
Les lieux de tournage français connus dans les 3 saisons 62 - T Tilques
0%
Les lieux de tournage français connus dans les 3 saisons 62 - T Torcy
0%
Les lieux de tournage français connus dans les 3 saisons 59 - W Wallers
0%
Les lieux de tournage français connus dans les 3 saisons 59 - Z Zuytpeene
0%
Aucun quiz correspondant
Distribution des résultats
% des personnes avec chaque résultat
Percentile par nombre de réponses
Votre historique - résultats
Vous n’avez pas pris ce quiz